000 004850000a22001330004500
090 _aAR
_b04125
245 1 0 _aOn the genus Copris Müller, 1764
_sdefinition and phylogenetic survey of the Afrotropical species -groups (Coleoptera: Scarabaeidae)
041 0 _aInglés
500 _a<Literatura de escarabajos coprófagos>
700 1 _aNguyen Phung, Therese
_998037
100 1 _aCambefort, Yves
_912859
942 _cARTICULO
773 1 _tJournal of African Zoology
_h4
_q271-289
_d1996
_g110
999 _c13223
_d13223